| 000 | 004200000a22001690004500 | ||
|---|---|---|---|
| 003 | MACL | ||
| 005 | 20151222153454.0 | ||
| 008 | 151222b xxu||||| |||| 00| 0 eng d | ||
| 040 |
_aMACL _cmacl |
||
| 041 | _aEnglish | ||
| 082 | _a920 | ||
| 100 |
_aThe Publication Division _921942 |
||
| 245 | _aMahatma Gandhi | ||
| 260 |
_bThe Publication Division _c1954 _aDelhi |
||
| 650 |
_aBiography _922098 |
||
| 942 |
_cBK _k920 _2ddc |
||
| 999 |
_c39712 _d39712 |
||